000 00254nam a22001217a 4500
008 171016b xxu||||| |||| 00| 0 eng d
041 _aALB
080 _a33
100 _a52
101 _aEKO
245 _aHYRJE NE EKONOMI
_cLIMANI, M
942 _2udc
_cBK
999 _c34169
_d34169